000 01147nam a22003497a 4500
003 CHAP
005 20220817042706.0
008 971013s1993 r 00010 d
010 _a52403
011 _a53375
035 _a57525
040 _cCHAP
082 _a631.521
_bR43
110 _aRedenbaugh, Keith
_995377
245 _aSynseeds
_b: applications of synthetic seeds to crop improvement
260 _aBoca Raton, Florida :
_bCRC Press,
_c1993
300 _a481 p.
_b: ilus.
590 _aBATCH-UPD
_b10
_c20130110
_lUCH01
_h0057
590 _aBATCH-UPD
_b10
_c20130110
_lUCH01
_h0843
590 _aBATCH-UPD
_b10
_c20130409
_lUCH01
_h2046
590 _aBATCH-UPD
_b10
_c20130410
_lUCH01
_h0518
590 _aBATCH-UPD
_b10
_c20130914
_lUCH01
_h1119
590 _aCONVERSION
_b10
_c20130109
_lUCH01
_h1328
650 1 4 _aCultivos
_xMejoramiento.
_930293
650 1 4 _aPlantas
_xEmbriología.
_988825
650 1 4 _aSemillas.
650 1 4 _aSemillas
_xInvestigación.
_9103907
650 1 4 _aSemillas
_xMejoramiento.
901 _aBK
942 _cLIBRO
949 _a631.521 R43
_bBC
_cLIBRO
_d33724000040804
_eLIBRO
_gI. 179905
_h89780
_i57525
_si
_t1423.00
999 _c52403
_d52403